| 000 | 03033cam a2200625 i 4500 | ||
|---|---|---|---|
| 001 | on1235819521 | ||
| 003 | OCoLC | ||
| 005 | 20210810171337.0 | ||
| 008 | 201130t20212021nyua c 6 000 1 eng d | ||
| 010 | _a 2021931993 | ||
| 020 |
_a9780062894571 _q(hardback) |
||
| 020 |
_a9780062894564 _q(paperback) |
||
| 020 |
_a0062894560 _q(paperback) |
||
| 020 |
_a9781713758273 _q(Follett bdg.) |
||
| 020 |
_a171375827X _q(Follett bdg.) |
||
| 020 |
_a0062894579 _q(hardback) |
||
| 035 |
_a(OCoLC)1235819521 _z(OCoLC)1248726657 |
||
| 037 |
_bHarpercollins Childrens Books, Attn Elaine Nealon 53 Glenmaura National Blvd Ste 300, Moosaic, PA, USA, 18507-2132 _nSAN 200-2086 |
||
| 040 |
_aKYC _beng _erda _cKYC _dORX _dFM0 _dOCLCO _dIK2 _dVAX _dOEL _dOCLCO _dFMG _dOCLCF _dSDG _dOCLCO _dTCH _dS#L _dNZAUC _dOCLCQ _dUOK |
||
| 049 | _aUOKA | ||
| 050 | 4 |
_aPZ7.7.L52 _bTru 2021 |
|
| 082 | 0 | 4 | _a741.5 |
| 092 | _aJ LIBENSO | ||
| 100 | 1 |
_aLibenson, Terri _eauthor, _eillustrator. _96386135 |
|
| 245 | 1 | 0 |
_aTruly Tyler / (Emmie & Friends Book 5) _cTerri Libenson. |
| 250 | _aFirst edition. | ||
| 264 | 1 |
_aNew York, NY : _bBalzer + Bray, an imprint of HarperCollins Publishers, _c[2021] |
|
| 264 | 1 |
_c�2021 _aNew York, NY : _bBalzer + Bray, an imprint of HarperCollins Publishers, |
|
| 300 |
_a374 pages : _bcolor illustrations ; _c21 cm |
||
| 336 | _atext | ||
| 336 | _astill image | ||
| 337 | _aunmediated | ||
| 338 | _avolume | ||
| 440 |
_aEmmie & Friends : _vBook 5. _96423964 |
||
| 520 | _a"A story about being your truest self--and trusting your truest friends. Cliques. Crushes. Comics. Middle school. Ever since Tyler started getting into art and hanging out with Emmie, his friends and teammates have been giving him a hard time. He wonders why can't he nerd out on drawing and play ball? Emmie is psyched that she gets to work on a comics project with her crush, Tyler. But she gets the feeling that his friends don't think she's cool enough. Maybe it's time for a total reinvention..."--Provided by publisher. | ||
| 521 | 1 | _a8 to 12. | |
| 650 | 0 |
_aBoys _vComic books, strips, etc. _95753533 |
|
| 650 | 0 |
_aGirls _vComic books, strips, etc. _95689271 |
|
| 650 | 0 |
_aInfatuation _vComic books, strips, etc. _95780938 |
|
| 650 | 0 |
_aMiddle schools _vComic books, strips, etc. _95760699 |
|
| 650 | 0 |
_aFriendship _vComic books, strips, etc. _95688309 |
|
| 650 | 0 |
_aSelf-realization _vComic books, strips, etc. _96423965 |
|
| 650 | 0 |
_aSchools _vJuvenile fiction |
|
| 650 | 0 |
_aDrawing _vJuvenile fiction. _95692391 |
|
| 650 | 0 |
_aFriendship _vJuvenile fiction _95673647 |
|
| 650 | 0 |
_aIdentity (Philosophical concept) _vJuvenile fiction. _95711883 |
|
| 650 | 1 |
_aIdentity _vFiction. _95673896 |
|
| 655 | 7 |
_aGraphic novels _2lcgft |
|
| 655 | 7 |
_aSchool comics _2lcgft _96423966 |
|
| 655 | 7 |
_aComing-of-age comics _2lcgft _95801747 |
|
| 800 | 1 |
_aLibenson, Terri. _tEmmie & friends _96423967 |
|
| 904 |
_a3665414 _b03665414 _c202103665414 |
||
| 942 |
_2ddc _cBOOK |
||
| 999 |
_c363642 _d363642 |
||
| 999 | _b03679197 | ||